| 000 | 00821cam a22001934a 4500 | ||
|---|---|---|---|
| 005 | 20250605164021.0 | ||
| 008 | 250528s ||||||||||||||||||||||||d | ||
| 035 | _a16331 | ||
| 020 | _a80149186 | ||
| 040 |
_aGR-AtMCL _bgre _dGR-AtMCL _eAACR2 |
||
| 245 | 1 | _aStory and Discourse / Narrative Structure in Fiction and Film | |
| 260 |
_bCornell University Press, _c1978 |
||
| 300 | _a280 | ||
| 520 | _aThis book provides a comprehensive approach to a general theory of narrative, in both verbal and visual media. Preface, Introduction, Story: Events, Story: Existents, Discourse: Non Narrated Stories, Discourse: Covert Versus Overt Narrators, Conclusion, Diagram of Narrative Structure, Indexes: Author and Title and Subject. | ||
| 700 | 1 |
_aChatman Seymour _92412 |
|
| 942 | _cBK | ||
| 999 |
_c1843 _d1843 |
||